000 00743nam a22002177a 4500
003 UA-OsUOA
001 68739
007 ta
008 20100514b un ||||| |||| 00| 0 ukr d
100 _aКучерук О.
090 _a81
_bК95
942 _cSA
040 _aUA-OsUOA
_bukr
_cUA-OsUOA
_dUA-OsUOA
245 _aметофоризація як засіб творчої спрямованості методів навчання мови
300 _aС. 12-15
955 _a0
041 _aukr
080 _a81
773 0 _w68736
_tУкраїнська мова і література в школі
_dК.
_d2010
_g2
650 7 _a8 Мовознавство. Художня література. Літературознавство
_2UDC
999 _c354997
_d354997